| 000 | 00418 a2200121 4500 | ||
|---|---|---|---|
| 020 | _a0521332494 (hardback) | ||
| 020 | _a0521337828 (paperback) | ||
| 082 | _a624.15136 WOO | ||
| 100 | _aMuir Wood, David, | ||
| 245 |
_aSoil behaviour and critical state soil mechanics / _cDavid Muir Wood. |
||
| 260 |
_aCambridge [England] ; _aNew York : _bCambridge University Press, _c1990. |
||
| 300 |
_axxiii, 462 p. : _bill. ; _c24 cm. |
||
| 650 | _aSoil mechanics. | ||
| 999 |
_c1138 _d1138 |
||